000 003030000a22000970004500
100 1 _aRamírez, Bev
245 1 0 _aThe anchor holds : LAM couple weathers spiritual storm in Colombia
300 _aVol. 77, Num. 4 (Octubre-Diciembre, 1997), Páginas 10-11
773 0 _tLatin America Evangelist
942 _cANA
999 _c55110
_d55110